10 largest island countries - Statistics

General Stats
  • This quiz has been taken 55 times
  • The average score is 4 of 10
Answer Stats
Hint Extra Hint Answer % Correct
1 2,941,300 sq mi Australia
96%
2 735,358 sq mi Indonesia
64%
10 42,804 sq mi cuba
48%
3 226,658 sq mi Madagascar
44%
5 145,913 sq mi japan
40%
4 178,704 sq mi Papua New Guinea
36%
9 94,058 sq mi united kingdom
24%
7 115,831 sq mi phillipines
20%
6 127,355 sq mi malaysia
16%
8 103,798 sq mi New Zealand
16%
No matching quizzes found
Score Distribution
Percent of People with Each Score
Percentile by Number Answered
Your Score History
You have not taken this quiz